Statistiche per Partiti italiani con seggi alla camera nelle elezioni del 1976

Clicka qui per fare il quiz!

Statistiche generali

  • Questo quiz è stato fatto 7 volte
  • Il punteggio medio è 6 su 10

Statistiche sulle risposte

n.seggipartito% Corretto
262Democrazia Cristiana
100%
228Partito comunista italiano
100%
57Partito socialista italiano
100%
6Democrazia proletaria
60%
35Movimento sociale italiano
60%
5Partito liberale italiano
60%
4Partito radicale
60%
15Partito Socialista democratico italiano
60%
14Partito repubblicano italiano
40%
3Partito popolare sudtirolese
0%

Distribuzione punteggi

Percentile per numero di risposta

Percentuale di utenti per punteggio

I tuoi punteggi nel tempo

Non hai fatto questo quiz